000 00251nam a2200109Ia 4500
008 190216s9999||||xx |||||||||||||| ||und||
100 _aPanigrahi D N
245 0 _aIntroductory Economics
260 _bMadubhan Books
650 _aEconomics
942 _cBK
999 _c9689
_d9689